Letters and sermons /

محفوظ في:

المؤلف الرئيسي: Besa, Abbot of Athripe, active 5th century (مؤلف)

مؤلفون آخرون: Kühn, K. H.

التنسيق: كتاب

اللغة: English

منشور في: Louvain : L. Durbecq, 1956.

سلاسل: Corpus scriptorum Christianorum Orientalium. Scriptores Coptici ; 21-22.
CSCO.SC ; 21-22.

الموضوعات:

الوسوم: إضافة وسم

لا توجد وسوم, كن أول من يضع وسما على هذه التسجيلة!

رقم الطلب: BX100 .C8 C8 v.21-22

LEADER 00929namaa2200265 4500
001 21709
003 OSt
005 20250313085006.0
008 130303s1956 be g b 000 0 eng d
040 |c ARCE Library 
050 4 |a BX100 .C8 C8 v.21-22 
100 0 |a Besa,  |c Abbot of Athripe,  |d active 5th century,  |e author  |9 26708 
245 1 0 |a Letters and sermons /  |c Edited by K. H. Kuhn. 
264 1 |a Louvain :  |b L. Durbecq,  |c 1956.  
300 |a 2 volumes in 1. ;   |c 25 cm. 
490 0 |a Corpus scriptorum Christianorum Orientalium. Scriptores Coptici ;   |v 21-22. 
490 0 |a CSCO.SC ;   |v 21-22. 
500 |a "Formed part of a Ph. D. thesis ... submitted to the University of Durham in 1952." - Pref. 
504 |a Bibliographical footnotes.  
600 0 0 |a Besa,  |c Abbot of Athripe,  |d active 5th century.   |9 26708 
650 0 |a Sermons, English. 
700 1 |a Kühn, K. H. 
901 |a reviewed 
942 |c BK  |2 lcc 
999 |c 21925  |d 21925